<?xml version="1.0" encoding="UTF-8"?>
<collection xmlns:xsi="http://www.w3.org/2001/XMLSchema-instance" xsi:schemaLocation="http://www.loc.gov/MARC21/slim http://www.loc.gov/standards/marcxml/schema/MARC21slim.xsd" xmlns="http://www.loc.gov/MARC21/slim">
 <record>
  <leader>00000cam a22000004i 4500</leader>
  <controlfield tag="001">UP-99796217612712269</controlfield>
  <controlfield tag="003">Buklod</controlfield>
  <controlfield tag="005">20180319165431.0</controlfield>
  <controlfield tag="006">m     q  i        </controlfield>
  <controlfield tag="007">ta</controlfield>
  <controlfield tag="008">160727s2017    nju     r    |000 0|eng c</controlfield>
  <datafield tag="020" ind1=" " ind2=" ">
   <subfield code="a">9789813146877 (hardback)</subfield>
  </datafield>
  <datafield tag="035" ind1=" " ind2=" ">
   <subfield code="a">(iLib)UPD-00360915726</subfield>
  </datafield>
  <datafield tag="037" ind1=" " ind2=" ">
   <subfield code="a">SS-11980</subfield>
   <subfield code="b">ABS</subfield>
   <subfield code="c">Php8,330.00</subfield>
   <subfield code="n">History</subfield>
  </datafield>
  <datafield tag="040" ind1=" " ind2=" ">
   <subfield code="a">DLC</subfield>
   <subfield code="d">DAC</subfield>
   <subfield code="e">rda</subfield>
  </datafield>
  <datafield tag="041" ind1=" " ind2=" ">
   <subfield code="a">eng</subfield>
  </datafield>
  <datafield tag="042" ind1=" " ind2=" ">
   <subfield code="a">DMLUC</subfield>
  </datafield>
  <datafield tag="090" ind1=" " ind2=" ">
   <subfield code="a">DS 525.9 C5</subfield>
   <subfield code="b">S68 2017</subfield>
  </datafield>
  <datafield tag="245" ind1="0" ind2="0">
   <subfield code="a">Southeast Asia and China</subfield>
   <subfield code="b">a contest in mutual socialization</subfield>
   <subfield code="c">editors, Lowell Dittmer University of California  Berkeley, USA Ngeow Chow Bing University of Malaya, Malaysia.</subfield>
  </datafield>
  <datafield tag="264" ind1=" " ind2="1">
   <subfield code="a">Singapore</subfield>
   <subfield code="b">World Scientific</subfield>
   <subfield code="c">[2017]</subfield>
  </datafield>
  <datafield tag="300" ind1=" " ind2=" ">
   <subfield code="a">xiv, 285 pages</subfield>
   <subfield code="c">24cm</subfield>
  </datafield>
  <datafield tag="336" ind1=" " ind2=" ">
   <subfield code="a">text</subfield>
   <subfield code="2">rdacontent</subfield>
  </datafield>
  <datafield tag="337" ind1=" " ind2=" ">
   <subfield code="a">unmediated</subfield>
   <subfield code="2">rdamedia</subfield>
  </datafield>
  <datafield tag="338" ind1=" " ind2=" ">
   <subfield code="a">volume</subfield>
   <subfield code="2">rdacarrier</subfield>
  </datafield>
  <datafield tag="505" ind1="0" ind2=" ">
   <subfield code="a">Southeast Asia and China : interplay of power, capital and ideas -- China's great power national identity and its impact on China-Southeast Asia relations -- China's civil-military strategies for South China Sea dispute control -- Independence and friendship : shared histories in the China-Philippines sea crisis -- ASEAN and Vietnam's security -- Malaysia's hedging strategy, a rising China, and the changing strategic situation in East Asia -- Indonesia and China : the bumpy path to a wary partnership -- China-ASEAN economic relations -- The future of China-ASEAN trade relations -- &quot;One belt one road&quot; and China-Southeast Asia relations -- &quot;Sovereignty&quot; in the South China Sea : some Malaysian and Malay perspectives -- The institutional foundations and features of China-ASEAN connectivity.</subfield>
  </datafield>
  <datafield tag="520" ind1="2" ind2=" ">
   <subfield code="a">&quot;The recent uncertainties over the South China Sea have become one major issue in the relations between China and Southeast Asian countries. The South China Sea issue, however, is countered by the deepening economic integration between China and Southeast Asia, which is likely to continue should China's proposal for a 21st Century Maritime Silk Road is agreed and implemented. Yet the success or not of this proposal depends also on the interactions in the political-security sphere between both sides. Southeast Asia and China: Exercises in Mutual Socialization brings together experts from different disciplines to illuminate on the complex political, economic and normative interactions between China and the Southeast Asian countries. This book analyses key issues including the national identity discourse of China as a Great Power, China's civil-military interactions in its strategy in the South China Sea dispute, the different kinds of political and strategic strategies used by Southeast Asian countries in countering China, the past patterns and present trajectories of economic ties between China and Southeast Asian countries, as well as the strategic implications of China's 21st Century Maritime Silk Road initiative&quot;.</subfield>
  </datafield>
  <datafield tag="651" ind1=" " ind2="0">
   <subfield code="a">Southeast Asia</subfield>
   <subfield code="x">Relations</subfield>
   <subfield code="z">China.</subfield>
  </datafield>
  <datafield tag="651" ind1=" " ind2="0">
   <subfield code="a">China</subfield>
   <subfield code="x">Relations</subfield>
   <subfield code="z">Southeast Asia.</subfield>
  </datafield>
  <datafield tag="700" ind1="1" ind2=" ">
   <subfield code="a">Dittmer, Lowell</subfield>
   <subfield code="e">editor.</subfield>
  </datafield>
  <datafield tag="700" ind1="1" ind2=" ">
   <subfield code="a">Ngeow, Chow Bing</subfield>
   <subfield code="e">editor.</subfield>
  </datafield>
  <datafield tag="905" ind1=" " ind2=" ">
   <subfield code="a">FO</subfield>
  </datafield>
  <datafield tag="852" ind1="0" ind2=" ">
   <subfield code="a">UPD</subfield>
   <subfield code="b">DAC</subfield>
   <subfield code="h">DS 525.9 C5</subfield>
   <subfield code="i">D58 2017</subfield>
  </datafield>
  <datafield tag="852" ind1="0" ind2=" ">
   <subfield code="a">UPD</subfield>
   <subfield code="b">DMLS</subfield>
   <subfield code="h">DS 525.9 C5</subfield>
   <subfield code="i">S68 2017</subfield>
  </datafield>
  <datafield tag="942" ind1=" " ind2=" ">
   <subfield code="a">Book</subfield>
  </datafield>
 </record>
</collection>
